000 00371nam a2200133Ia 4500
005 20260328104331.0
008 260328s9999||||xx |||||||||||||| ||und||
100 _aPeltason, Ruth
245 0 _aArchitect :
_b The Pritzker Prize Laureates in Their Own Words /
_cRuth Peltason
260 _bBlack Dog & Leventhal
300 _a500 p.
650 _aARQUITECTOS
942 _cBK
999 _c11703
_d11703